Les architectes des cathedrales gothiques (Record no. 165736)

MARC details
000 -LEADER
campo de control de longitud fija 00784nam a2200217 i 4500
001 - NÚMERO DE CONTROL
campo de control 165736
003 - IDENTIFICADOR DE NÚMERO DE CONTROL
campo de control ES-MaACL
005 - FECHA Y HORA DE LA ÚLTIMA TRANSACCIÓN
campo de control 20230906213210.0
008 - DATOS DE LONGITUD FIJA--INFORMACIÓN GENERAL
campo de control de longitud fija 050905q1906 fr a | |||||||| ||fre d
040 ## - FUENTE DE CATALOGACIÓN
Centro catalogador/agencia de origen CAM
Lengua de catalogación spa
Centro/agencia transcriptor CAM
100 1# - ENTRADA PRINCIPAL--NOMBRE DE PERSONA
Nombre de persona Stein, Henri.
9 (RLIN) 108031
245 14 - MENCIÓN DEL TÍTULO
Título Les architectes des cathedrales gothiques
Resto del título : étude critique illustrée de vingt-quatre planches hors texte /
Mención de responsabilidad, etc. par Henri Stein.
260 ## - PUBLICACIÓN, DISTRIBUCIÓN, ETC.
Lugar de publicación, distribución, etc. Paris :
Nombre del editor, distribuidor, etc. Henri Laurens :
-- Libriarie Renouard,
Fecha de publicación, distribución, etc. [1906?] (
Lugar de fabricación/manufactura Corbeil :
Fabricante Imprimerie Crété)
300 ## - DESCRIPCIÓN FÍSICA
Extensión 126 p. :
Otras características físicas il. ;
Dimensiones 22 cm.
490 1# - MENCIÓN DE SERIE
Mención de serie Les grands artistes
650 04 - PUNTO DE ACCESO ADICIONAL DE MATERIA--TÉRMINO DE MATERIA
Término de materia o nombre geográfico como elemento de entrada Arquitectura gótica.
9 (RLIN) 10027
650 #4 - PUNTO DE ACCESO ADICIONAL DE MATERIA--TÉRMINO DE MATERIA
Término de materia o nombre geográfico como elemento de entrada Arquitectos.
9 (RLIN) 149652
830 0# - PUNTO DE ACCESO ADICIONAL DE SERIE-TÍTULO UNIFORME
Título uniforme Les grands artistes
9 (RLIN) 188567
852 ## - LOCALIZACIÓN
Ubicación ES-MaACL
Número de control de estantería F-6556
Nota libre -- Rúst.
Holdings
Estatus retirado Estado de pérdida Estado de daño No para préstamo Biblioteca de origen Biblioteca actual Ubicación en estantería Fecha de adquisición Fuente de adquisición Total de préstamos Signatura topográfica completa Código de barras Visto por última vez Precio de reemplazo Tipo de ítem Koha
        Biblioteca del Ateneo de Madrid Biblioteca del Ateneo de Madrid Depósito 2 17/01/2008     F-6556 1173813 23/02/2023 23/02/2023 Libro impreso